• 首页
  • 本馆介绍
  • 公告通知
  • 最新文献
  • 馆藏检索
  • 电子资源
  • 读者导购
  • 参考咨询
  • 我的图书馆
  • 登录
  • 详细信息显示
  • 放入我的书架
  • 预约/预借图书
  • 作者相关作品
  • 分类相关作品
  • 丛书相关作品
  • 出版社相关作品

书目信息

  • 表格格式
  • 工作单格式
  • 卡片格式
题名:
麦考莱英国史
    
 
作者: 麦考莱 著 ;周旭 , 赵超 译
分册: Ⅲ  
出版信息: 北京   北京时代华文书局  2015
页数: 442页
开本: 24cm
丛书名:
单 册:
中图分类: K561.0
科图分类:
主题词:
电子资源:
ISBN: 978-7-80769-330-7
000 01051nam0 22002771 450
001 0124140159
005 20170327142139.14
010    @a978-7-80769-330-7@b精装@dCNY68.00
100    @a20150514d2015 em y0chiy50 ea
101 1  @achi@feng@ceng
102    @aCN@b110000
105    @af z 000yy
106    @ar
200 1  @a麦考莱英国史@9mai kao lai ying guo shi@hⅢ@dThe history of England@hⅢ@f(英)托马斯·麦考莱(Thomas Macaulay)著@g周旭,赵超译@zeng
210    @a北京@c北京时代华文书局@d2015
215    @a442页@c图@d24cm
300    @a时代史学经典
330    @a本书作者详细叙述了英国光荣革命后威廉和玛丽在伦敦登基至比奇角战役这段时期的历史。书中塑造的威廉·奥兰治亲王、玛丽女王、各种贵族、法官、主教形象极其鲜明。
510 1  @aHistory of England@hⅢ@zeng
607    @a英国@Aying guo@x历史
690    @aK561.0@v5
701  0 @c(英)@a麦考莱@9mai kao lai@c(Macaulay,Thomas Babington@f1800~1859)@4著
702  0 @a周旭@9zhou xu@4译
702  0 @a赵超@9zhao chao@4译
801  0 @aCN@bTANGWEI@c20170308
905    @b0962024-6@dK561.0@e29:3@f3
    
    麦考莱英国史.Ⅲ=The history of England.Ⅲ/(英)托马斯·麦考莱(Thomas Macaulay)著/周旭,赵超译.-北京:北京时代华文书局,2015
    442页:图;24cm
    时代史学经典
    
    ISBN 978-7-80769-330-7(精装):CNY68.00
    本书作者详细叙述了英国光荣革命后威廉和玛丽在伦敦登基至比奇角战役这段时期的历史。书中塑造的威廉·奥兰治亲王、玛丽女王、各种贵族、法官、主教形象极其鲜明。
●
相关链接 在E读中查询图书 在五车中查询图书 在当当中查询图书 在豆瓣中查询图书


正题名:麦考莱英国史     索取号:K561.0/29:3         预约/预借

序号 登录号 条形码 馆藏地/架位号 状态 备注
1 0962024   209620249   第二样本阅览室/ [索取号:K561.0/29:3] 在馆    
2 0962025   209620258   第二借阅区/ [索取号:K561.0/29:3] 在馆    
3 0962026   209620267   第二借阅区/ [索取号:K561.0/29:3] 在馆    
唐山师范学院图书馆 欢迎您!
大连网信软件有限公司© 版权所有